Letter Pyramid - US Presidents Quiz Stats

 Plays Quiz Updated Mar 20, 2019

Score 0/225 Timer 01:30
6 Plays Today
% Correct
XXXXXXXXXXXX
100%
XXXXXXXXXXXX
99.9%
XXXXXXXXXXXX
99.9%
XXXXXXXXXXXX
99.9%
XXXXXXXXXXXX
99.9%
XXXXXXXXXXXX
99.9%
XXXXXXXXXXXX
99.9%
XXXXXXXXXXXX
99.9%
XXXXXXXXXXXX
99.9%
XXXXXXXXXXXX
99.9%
XXXXXXXXXXXX
99.9%
XXXXXXXXXXXX
99.9%
XXXXXXXXXXXX
99.9%
XXXXXXXXXXXX
99.9%
XXXXXXXXXXXX
99.9%
XXXXXXXXXXXX
99.9%
XXXXXXXXXXXX
99.9%
XXXXXXXXXXXX
99.9%
XXXXXXXXXXXX
99.9%
XXXXXXXXXXXX
99.9%
XXXXXXXXXXXX
99.9%
XXXXXXXXXXXX
99.9%
XXXXXXXXXXXX
99.9%
XXXXXXXXXXXX
99.9%
XXXXXXXXXXXX
99.9%
XXXXXXXXXXXX
99.9%
XXXXXXXXXXXX
99.9%
XXXXXXXXXXXX
99.9%
XXXXXXXXXXXX
99.9%
XXXXXXXXXXXX
99.9%
XXXXXXXXXXXX
99.9%
XXXXXXXXXXXX
99.9%
XXXXXXXXXXXX
99.9%
XXXXXXXXXXXX
99.9%
XXXXXXXXXXXX
99.9%
XXXXXXXXXXXX
99.9%
XXXXXXXXXXXX
99.9%
XXXXXXXXXXXX
99.9%
XXXXXXXXXXXX
99.9%
XXXXXXXXXXXX
99.9%
XXXXXXXXXXXX
99.9%
XXXXXXXXXXXX
99.9%
XXXXXXXXXXXX
99.9%
XXXXXXXXXXXX
99.9%
XXXXXXXXXXXX
99.9%
XXXXXXXXXXXX
99.9%
XXXXXXXXXXXX
99.9%
XXXXXXXXXXXX
99.9%
XXXXXXXXXXXX
99.9%
XXXXXXXXXXXX
99.9%
XXXXXXXXXXXX
99.9%
XXXXXXXXXXXX
99.9%
XXXXXXXXXXXX
99.9%
XXXXXXXXXXXX
99.9%
XXXXXXXXXXXX
99.9%
XXXXXXXXXXXX
99.9%
XXXXXXXXXXXX
99.9%
XXXXXXXXXXXX
99.9%
XXXXXXXXXXXX
99.9%
XXXXXXXXXXXX
99.9%
XXXXXXXXXXXX
99.9%
XXXXXXXXXXXX
99.9%
XXXXXXXXXXXX
99.9%
XXXXXXXXXXXX
99.9%
XXXXXXXXXXXX
99.9%
XXXXXXXXXXXX
99.9%
XXXXXXXXXXXX
99.9%
XXXXXXXXXXXX
99.9%
XXXXXXXXXXXX
99.9%
XXXXXXXXXXXX
99.9%
XXXXXXXXXXXX
99.9%
XXXXXXXXXXXX
99.9%
XXXXXXXXXXXX
99.9%
XXXXXXXXXXXX
99.9%
XXXXXXXXXXXX
99.9%
% Correct
XXXXXXXXXXXX
99.9%
XXXXXXXXXXXX
99.9%
XXXXXXXXXXXX
99.9%
Obama
93.2%
Obama
93.2%
Obama
93.2%
Obama
93.2%
Obama
93.2%
Obama
93.2%
Obama
93.2%
Obama
93.2%
Obama
93.2%
Obama
93.2%
Obama
93.2%
Obama
93.2%
Obama
93.2%
Obama
93.2%
Obama
93.2%
Bush
92.2%
Bush
92.2%
Bush
92.2%
Bush
92.2%
Bush
92.2%
Bush
92.2%
Bush
92.2%
Bush
92.2%
Bush
92.2%
Bush
92.2%
Bush
92.2%
Bush
92.2%
Lincoln
91.9%
Lincoln
91.9%
Lincoln
91.9%
Lincoln
91.9%
Lincoln
91.9%
Lincoln
91.9%
Lincoln
91.9%
Lincoln
91.9%
Lincoln
91.9%
Lincoln
91.9%
Lincoln
91.9%
Lincoln
91.9%
Lincoln
91.9%
Lincoln
91.9%
Lincoln
91.9%
Lincoln
91.9%
Lincoln
91.9%
Lincoln
91.9%
Lincoln
91.9%
Lincoln
91.9%
Lincoln
91.9%
Eisenhower
88.1%
Eisenhower
88.1%
Eisenhower
88.1%
Eisenhower
88.1%
Eisenhower
88.1%
Eisenhower
88.1%
Eisenhower
88.1%
Eisenhower
88.1%
Eisenhower
88.1%
Eisenhower
88.1%
Eisenhower
88.1%
Eisenhower
88.1%
Eisenhower
88.1%
Eisenhower
88.1%
Eisenhower
88.1%
Eisenhower
88.1%
Eisenhower
88.1%
Eisenhower
88.1%
Eisenhower
88.1%
Eisenhower
88.1%
Eisenhower
88.1%
Eisenhower
88.1%
Eisenhower
88.1%
Eisenhower
88.1%
% Correct
Eisenhower
88.1%
Eisenhower
88.1%
Eisenhower
88.1%
Eisenhower
88.1%
Eisenhower
88.1%
Eisenhower
88.1%
Reagan
87.6%
Reagan
87.6%
Reagan
87.6%
Reagan
87.6%
Reagan
87.6%
Reagan
87.6%
Reagan
87.6%
Reagan
87.6%
Reagan
87.6%
Reagan
87.6%
Reagan
87.6%
Reagan
87.6%
Reagan
87.6%
Reagan
87.6%
Reagan
87.6%
Reagan
87.6%
Reagan
87.6%
Reagan
87.6%
Jefferson
86.3%
Jefferson
86.3%
Jefferson
86.3%
Jefferson
86.3%
Jefferson
86.3%
Jefferson
86.3%
Jefferson
86.3%
Jefferson
86.3%
Jefferson
86.3%
Jefferson
86.3%
Jefferson
86.3%
Jefferson
86.3%
Jefferson
86.3%
Jefferson
86.3%
Jefferson
86.3%
Jefferson
86.3%
Jefferson
86.3%
Jefferson
86.3%
Jefferson
86.3%
Jefferson
86.3%
Jefferson
86.3%
Jefferson
86.3%
Jefferson
86.3%
Jefferson
86.3%
Jefferson
86.3%
Jefferson
86.3%
Jefferson
86.3%
Harrison
77.4%
Harrison
77.4%
Harrison
77.4%
Harrison
77.4%
Harrison
77.4%
Harrison
77.4%
Harrison
77.4%
Harrison
77.4%
Harrison
77.4%
Harrison
77.4%
Harrison
77.4%
Harrison
77.4%
Harrison
77.4%
Harrison
77.4%
Harrison
77.4%
Harrison
77.4%
Harrison
77.4%
Harrison
77.4%
Harrison
77.4%
Harrison
77.4%
Harrison
77.4%
Harrison
77.4%
Harrison
77.4%
Harrison
77.4%

You're not logged in!

Compare scores with friends on all Sporcle quizzes.
OR
Log In

Sporcle TV

Today on Sporcle TV


Watch our educational content, quiz creation guides, and fun videos on Sporcle TV.

Show Comments

Extras

Top Quizzes Today


Score Distribution

Your Account Isn't Verified!

In order to create a playlist on Sporcle, you need to verify the email address you used during registration. Go to your Sporcle Settings to finish the process.

Report this User

Report this user for behavior that violates our Community Guidelines.

Details: